Central Library OPAC University of Rajshahi

Small animal dermatology : (Record no. 66104)

MARC details
000 -LEADER
fixed length control field 00814nam a2200241 a 4500
001 - CONTROL NUMBER
control field 66104
003 - CONTROL NUMBER IDENTIFIER
rucl marc code BD-RjUL
005 - DATE AND TIME OF LATEST TRANSACTION
control field 20211209081512.0
008 - FIXED-LENGTH DATA ELEMENTS--GENERAL INFORMATION
fixed length control field 170314r20052002enka 001 0 eng d
020 ## - INTERNATIONAL STANDARD BOOK NUMBER
International Standard Book Number 075064804X
035 ## - SYSTEM CONTROL NUMBER
System control number (BD-RjUL)66234
040 ## - CATALOGING SOURCE
Original cataloging agency BDS
Language of cataloging eng
Transcribing agency BD-RjUL
041 ## - LANGUAGE CODE
Language code of text/sound track or separate title eng
082 0# - DEWEY DECIMAL CLASSIFICATION NUMBER
Classification number 571.91
Edition number 23
Author mark and year HIS 2005
100 1# - MAIN ENTRY--PERSONAL NAME
Personal name Hill, Peter B.
Fuller form of name (Peter Barrie)
9 (RLIN) 195556
245 10 - TITLE STATEMENT
Title Small animal dermatology :
Remainder of title a practical guide to the diagnosis and management of skin diseases in dogs and cats /
Statement of responsibility, etc. Peter B. Hill.
260 ## - PUBLICATION, DISTRIBUTION, ETC. (IMPRINT)
Place of publication, distribution, etc. Oxford :
Name of publisher, distributor, etc. Butterworth-Heinemann,
Date of publication, distribution, etc. 2002 [ reprinted 2005 ].
300 ## - PHYSICAL DESCRIPTION
Pagination viii, 326 p. :
Illustrations ill. ;
Size 25 cm.
504 ## - BIBLIOGRAPHY, ETC. NOTE
Bibliography, etc Includes bibliographical references and index.
650 #0 - SUBJECT ADDED ENTRY--TOPICAL TERM
Topical term or geographic name as entry element Dogs
General subdivision Diseases.
9 (RLIN) 195557
Topical term or geographic name as entry element Cats
General subdivision Diseases.
9 (RLIN) 195558
942 ## - ADDED ENTRY ELEMENTS (KOHA)
Source of classification or shelving scheme Dewey Decimal Classification
Koha item type Books
Holdings
Lost status Source of classification or shelving scheme Damaged status Not for loan Collection code Permanent Location Current Location Shelving location Date acquired Source of acquisition Cost, normal purchase price Total Checkouts Full call number Date last seen Copy number Koha item type
  Dewey Decimal Classification   Not For Loan Non-fiction Central Library, University of Rajshahi Central Library, University of Rajshahi Reading Room 15/03/2009 Dhaka, Paragon Enterpries Ltd. 69.95   571.91 HIS 2005 14/03/2017 C-1 Books